000 00581nam a2200229Ia 4500
003 OSt
005 20220924143519.0
006 a|||||r|||| 00| 0
007 ta
008 220923b |||||||| |||| 00| 0 urd d
024 _a308650
037 _cTextual
040 _aARTS
_cARTS
_burd
041 _2urd
_aurd
082 _aO44:g, 168K7
100 _aSuroor Al Ahmad
_9216055
245 0 _aTanqeed ke buniyadi Masail
260 _c1967
650 _aINDIAN LITERATURE
942 _hO44:g, 168K7
_cTEXL
_2CC
999 _c454761
_d454761